LEADER 00951nam a2200253 4500 001 000000363232 003 CaOOAMICUS 005 20250618142407.0 008 250618s2023 it 000 u ita r 020 $a978-88-284-0499-6 040 $aSeMil$bita 100 1 $aPalazzani, Laura.$0(OLS)http://semarc/name/45200 245 10$aCompendio di bioetica /$cLaura Palazzani. 264 1$aBrescia :$bScholé,$c2023. 300 $a214 p. ;$c21 cm 490 1 $aSaggi ;$v154 650 4$aBioetica.$0(OLS)http://semarc/subject/2998 830 0$aSaggi ;$v154.$0(OLS)http://semarc/title/341 850 $aSeMil 852 $aSeMil$W1$xVenegono$y1$m2E IV 349$j258596$B254102$CSeMilBibl$Z2$F254102 $81 996 $6020$a978-88-284-0499-6$9(OLS)http://semarc/number/303424 996 $6245$aCompendio di bioetica$9(OLS)http://semarc/title/454390 996 $6264$aBrescia :$bScholé$9(OLS)http://semarc/publisher/60641 LEADER 01224nam a2200289 i 4500 001 000000075328 003 CaOOAMICUS 005 20140820000000.0 008 140820s1993 it u000 u ita u 013 $a46500 020 $a88-7610-446-1 040 $aSeMil$bita 100 1 $aGiavini, Giovanni,$c.$0(OLS)http://semarc/name/17859 245 10$aMa io vi dico :$besegesi e vita attorno al Discorso della Montagna /$cGiovanni Giavini. 250 $a2. Ed. riveduta e aggiornata. 260 $aMilano :$bÀncora,$c1993. 300 $a163 p. ;$c21 cm. 490 0 $aParola di vita 500 $aContiene : Bibliografia. 650 4$aBibbia. Nuovo Testamento. Vangelo secondo Matteo - Discorso della montagna.$0(OLS)http://semarc/subject/373 830 0$aParola di vita.$0(OLS)http://semarc/title/644 850 $aSeMil 852 $aSeMil$W1$xVenegono$y1$m2Z III 260$j41480$B41480$CSeMilBibl$Z2$F41484 $81 961 $aOmaggio: Donazione 996 $6020$a88-7610-446-1$9(OLS)http://semarc/number/55782 996 $6245$aMa io vi dico :$besegesi e vita attorno al Discorso della Montagna$9(OLS)http://semarc/title/122179 996 $6260$aMilano :$bÀncora$9(OLS)http://semarc/publisher/29763